Statistiques concernant Rappeurs Nouvelle Génération francophone #2

Cliquez ici pour prendre le quiz!

Statistiques générales

  • Ce quiz a été pris 94 fois
  • Le résultat moyen est 4 sur 20

Statistiques - réponses

Album/EP/MixtapeRappeur.se% Correct
BLKKK VAN GOGH404Billy
76%
LA FOLIE DES GRANDEURSHOUDI
67%
SadBaby ConfessionsBabySolo33
37%
SeranezieSerane
30%
VAGALAMEDMS
26%
RAREFILES 2thaHomey
21%
One Man ArmyFEMTOGO
20%
L'HERMITEAjna
13%
Bad Boy RomanceJMK$
13%
Lili aux paradis artificielsTheodora
13%
MALABOYChanceko
11%
IRISLyre
11%
VISAG3Nunca
9%
uu SymphonieNyluu
9%
ONTHEWAYTOTHEWHOAYEAHZalmad
7%
XIIIAsinine
3%
INNER CHILDIdée Noire
3%
Série B612Nocif (& esone)
3%
la peau des yeuxUcyll & Ryo
3%
DESDB 2Lovarran
1%

Distribution des résultats

Percentile par nombre de réponses

% des personnes avec chaque résultat

Votre développement - résultats

Vous n’avez pas pris ce quiz